Másodlagos élőhelyek - Városi vetett virágsávok („méhlegelők”)

Elmentve itt :
Bibliográfiai részletek
Szerzők: Torma Attila
Tölgyesi Csaba
Magyar Botond
Gulyás Ágnes
Barta Károly
Ézsiás Tamás
Dokumentumtípus: Könyv része
Megjelent: Kiskunsági Nemzeti Park Igazgatósága Kecskemét 2025
Sorozat:Élőhely-rekonstrukciók lehetőségei és tapasztalatai Magyarország síkvidéki területein
Tárgyszavak:
mtmt:36071522
Online Access:http://publicatio.bibl.u-szeged.hu/37453
LEADER 00965naa a2200265 i 4500
001 publ37453
005 20250826140717.0
008 250826s2025 hu o 000 hun d
020 |a 9786155598272 
024 7 |a 36071522  |2 mtmt 
040 |a SZTE Publicatio Repozitórium  |b hun 
041 |a hun 
100 1 |a Torma Attila 
245 1 0 |a Másodlagos élőhelyek - Városi vetett virágsávok („méhlegelők”)  |h [elektronikus dokumentum] /  |c  Torma Attila 
260 |a Kiskunsági Nemzeti Park Igazgatósága  |b Kecskemét  |c 2025 
300 |a 2 
300 |a 88-89 
490 0 |a Élőhely-rekonstrukciók lehetőségei és tapasztalatai Magyarország síkvidéki területein 
650 4 |a Biológiai tudományok 
700 0 1 |a Tölgyesi Csaba  |e aut 
700 0 1 |a Magyar Botond  |e aut 
700 0 1 |a Gulyás Ágnes  |e aut 
700 0 1 |a Barta Károly  |e aut 
700 0 1 |a Ézsiás Tamás  |e aut 
856 4 0 |u http://publicatio.bibl.u-szeged.hu/37453/7/36071522.pdf  |z Dokumentum-elérés